000 00216 a2200097 4500
001 45631
100 _aHeinlein, R
245 _aJob a comedy of justice
260 _a
_bNew english library
_c
090 _c28801
_d28801
942 _aNUST-CAE
_cM
_c20893
999 _c280704
_d280704